000 00545nam a2200205Ia 4500
005 20230322094227.0
008 131103s9999 xx 000 0 und d
020 _a192810847
040 _aLoreto College
041 _aEnglish
082 _a822.91
_bFRY
100 _aFry,Christopher
245 _aVenus observed
_b a comedy
_cChristopher Fry
260 _aLondon
_bOxford University Press
_c1957
300 _a[7],99 p.
650 _aFry Christopher (Harris),1907 -
651 _aVerse Drama - English
850 _aLCLIB
942 _cBK
999 _c4236
_d54715